| 000 | 00349nam a2200133Ia 4500 | ||
|---|---|---|---|
| 008 | 240624s9999 xx 000 0 und d | ||
| 041 | _aeng | ||
| 082 | _a658.314 SIN | ||
| 100 | _aSINDELL GERALD | ||
| 245 | _aDISCOVER YOUR GENIUS 11 STEPS THAT TURN | ||
| 260 |
_c2016 _aMumbai _bJaico Publishing |
||
| 300 | _a143 : p. : cm. ; 21 | ||
| 365 |
_cRS _b35 |
||
| 999 |
_c26759 _d26759 |
||